Datum a čas kvízu

30.5 Celkem bodů Celkový počet nahraných bodů na tomto kvízu bez doplňovacích otázek.
5. Pořadí na kvízu Konečné umístění týmu na tomto kvízu.

Zaznamenané odpovědi

# Otázka Odpověď Body Výsledky
1. Kolik korun měl stát podle pův... 15 000 Kč 1
2. Která první dáma se minulý týd... Brigitte Macron 0
3. Fotografií roku 2025 se v sout... A) konec hlubinné těžby uhlí na Ostravsku 0
4. Společnost Ryanair se dostala... o Elona Muska 1
5. Rvačky nejsou v NHL ničím neob... Florida Panthers, San Jose Sharks 0
6. Jak se jmenuje horolezec, jenž... Radek Jaroš 1
7. Jak se trojslovně jmenuje tato... lezení na rychlost 1
8. Jak se jmenuje tento základní... dračí smyčka 0
9. Po půl bodu můžete získat, kdy... El Capitan, Yosemite 1
10. Jak se jmenuje fenomenální slo... B) Janja Garnbret 0